Effect of weather conditions, varieties and liquid leaf fertilizers ...

Bibliographic Details
Main Authors: Pačuta, Vladimír, 1956- (Author), Fecková, Jana (Author)
Format: Article
Language:Slovak
English
PhysicalDescription:Tab.
ISSN:0551-3677
Subjects:

MARC

LEADER 00000nab a2200000 a 4500
001 vtls009004604
003 SK-MaSNL
005 20260304164224.0
008 250507c2005 xo mr|p|||||||000 b|slo
015 |a SNBRB2007/07  |2 snkbucl 
035 |a (uuid)ff9e177a-b416-4800-9ecb-f5d5566705ea 
035 |a urn:nbn:sk:snk-ab1hnv 
035 |a (urnnbn)urn:nbn:sk:snk:ar-003u41 
038 |a SNKBUCL 
040 |a SNKBUCL  |b slo  |c SNKBUCL  |e AACR2 
041 0 |a eng  |b eng  |b slo 
044 |a xo  |c SK 
080 |a 633.63:631.559  |2 1997 
080 |a 631.559  |2 1997 
100 1 |a Pačuta, Vladimír,  |d 1956-  |4 aut  |9 199158 
245 1 0 |a Effect of weather conditions, varieties and liquid leaf fertilizers ...  |c Vladimír Pačuta, Jana Fecková 
246 3 1 |a Vplyv poveternostných podmienok, odrôd a listových hnojív ... 
300 |b Tab. 
504 |a Bibliogr. odkazy 
546 |a Res. angl., slov. 
650 0 7 |a cukrová repa  |2 snkbucl  |9 81965 
650 0 7 |a úroda  |2 snkbucl  |9 506412 
650 0 7 |a cukornatosť  |2 snkbucl  |9 1188853 
650 0 7 |a odrody poľnohospodárskych plodín  |2 snkbucl  |9 29318 
650 0 7 |a kvapalné hnojivá  |2 snkbucl  |9 70404 
650 0 7 |a počasie  |2 snkbucl  |9 942 
700 1 |a Fecková, Jana  |4 aut  |9 605146 
773 0 |t Agriculture = Poľnohospodárstvo  |g Vol. 51, no. 10 (2005), s. 528-538  |x 0551-3677 
850 |a Slovenská národná knižnica 
852 |a Slovenská národná knižnica 
954 |a odborná, vedecká literatúra cudzojazyčná (svetová)  |2 lita 
954 |a odborná, vedecká literatúra pôvodná (slovenská)  |2 lita 
958 |a article27 
958 |a OND 
958 |a NB 
958 |a EUIPO 
999 |c 2980085  |d 2982015